Normal view
MARC view
- Alamán, Olga
Entry Nombre Personal
001 - NUMERO DE CONTROL
- campo de control: 33336
003 - IDENTIFICADOR DE NUMERO DE CONTROL
- campo de control: UPN
005 - FECHA Y HORA DE LA ÜLTIMA TRANSACCIÓN
- campo de control: 20210219194441.0
008 - DATOS DE LONGITUD FIJA
- campo de control de longitud fija: nabaccnnaabn|||||||||| b |nc|||||d
035 ## - NUMERO DE CONTROL
- Número de control: UPN11000005443
040 ## - FUENTE DE CATALOGACIÓN
- Lenguaje de catalogación: SPA
- Agencia de transcripción: UPN
100 1# - ENCABEZAMIENTO - NOMBRE PERSONAL
- Nombre personal: Alamán, Olga
670 ## - FUENTE EN LA QUE SE LOCALIZARON DATOS
- Cita de la fuente: T
- Uniform Resource Identifier: http://www.linkedin.com/pub/olga-alam%C3%A1n/31/9a2/88
902 ## - CATALOGADOR
- Catalogador: MCM/ 150313
